000 00496nam a22001817a 4500
003 KOHA_MİRAKIL
005 20251224163911.0
008 251224b tu ||||| |||| 00| 0 tur d
020 _a9786254447327
040 _aTR-AnABB
_btur
_cTR-AnABB
041 _atur
082 _a956.621
_bMAL 2021
245 1 0 _aMalatya kültür envanteri /
260 _aMalatya :
_bMalatya Büyükşehir Belediyesi,
_c2021
300 _a946 sayfa ;
_c25 cm
650 0 4 _aTarih ve kültür
942 _2ddc
_cBK
999 _c9970
_d9970
900 _bGizem YORULMAZ